Category Elimination Rollercoasters - Statistics

General Stats
  • This quiz has been taken 130 times
  • The average score is 13 of 16
Answer Stats
Questions Answer % Correct
Green Coasters above 300 feet... Millennium Force/Steel Dragon 2000/Top Thrill Dragster/Fury 325/Orion/Kingda Ka/Intimidator 305/Red Force/Leviathan
90%
Yellow Cedar Fair Parks… Cedar Point/Kings Island/Kings Dominion/Carowinds/California’s Great America/Canada’s Wonderland/Valleyfair/Worlds of fun/Knott’s Berry Farm/Dorney Park/Michigan’s Adventure
87%
With a normal chainlift... Fury 325/Leviathan/Orion
86%
In North America... Millennium Force/Top Thrill Dragster/Fury 325/Intimidator 305/Leviathan/KingdaKa/Orion
86%
That have less than 10 coasters… Dorney Park/California’s Great America/Worlds of Fun/Michigan’s Adventure/Valleyfair
81%
That don’t have a state name in them... Dorney Park/Worlds of Fun/Valleyfair
80%
Not in the USA Leviathan
80%
That have a spinning coaster... Worlds of Fun
80%
That Have A Pretzel Loop Flying Dinosaur/Acrobat/Manta/Tatsu/Superman Ultimate Flight/
78%
Red B&M Flying Coasters... Flying Dinosaur/Starry Sky Ripper/Superman Ultimate Flight/Tatsu/Manta/Acrobat/Air
77%
Blue Six Flags Parks... Six flags magic mountain/Six flags over Texas/Six flags over Georgia/Six flags fiesta Texas/Six flags discovery kingdom/Six flags great america/Six flags america/Six flags darien lake/Six flags New England/Six flags st louis/Six flags great adventure/Six flags great escape/Frontier City/LaRonde/Six Flags Mexico
76%
In North America... Superman Ultimate Flight/Tatsu/Manta
76%
That have a RMC… Six Flags Magic Mountain/Six Flags Over Texas/Six Flags Over Georgia/Six Flags Fiesta Texas/Six Flags Discovery Kingdom/Six Flags Great America/Six Flags New England/Six Flags Great Adventure/Six Flags Mexico
74%
That aren't cloned Tatsu
74%
That Have Animals… Six Flags Discovery Kingdom/Six Flags Great Adventure
72%
That have multiple B&M’s Six Flags Great Adventure
72%
No matching quizzes found
Score Distribution
Percent of People with Each Score
Percentile by Number Answered
Your Score History
You have not taken this quiz